000 00596nam a2200217 i 4500
001 13987
003 ES-MaACL
005 20230906150714.0
007 t|
008 980826s1988 xxk ||||1| eng d
020 _a0-434-66490-1
080 _a728.3
080 _a747
100 1 _aRybczynski, Witold.
_9101101
245 1 0 _aHome :
_ba short history of an idea /
_cWitold Rybczynski.
260 _aLondon :
_bHeinemann,
_c[1988]
300 _a235 p. :
_bil. ;
_c22 cm.
650 4 _aViviendas-
_vHistoria.
_9171160
650 4 _aDecoración interior.
_911542
852 4 _aES-MaACL
_jL-21211
999 _c13987
_d13987